[Event "Ibiza y Formentera-ch U18 19th"]
[Site "Eivissa"]
[Date "2017.09.07"]
[Round "4.2"]
[White "Guasch Riera, Joan"]
[Black "Reina Sorribas, Adrian"]
[Result "1-0"]
[WhiteElo "1622"]
[BlackElo "1146"]
[PlyCount "109"]
[EventDate "2017.09.04"]
[EventType "swiss"]
[EventRounds "5"]
[EventCountry "ESP"]
[SourceTitle "EXT 2024"]
[Source "ChessBase"]
[SourceDate "2023.10.10"]
[SourceVersion "1"]
[SourceVersionDate "2023.10.10"]
[SourceQuality "1"]

1. e4 e5 2. Nf3 Nc6 3. Bb5 Nf6 4. Qe2 Be7 5. d3 0-0 6. 0-0 a6 7. Ba4 h6 8. Rd1 d6 9. c3 b5 10. Bb3 Be6 11. Bc2 Qd7 12. Nbd2 d5 13. Nf1 Rfd8 14. Be3 d4 15. Bd2 a5 16. Ng3 b4 17. c4 a4 18. Be1 Rdb8 19. b3 axb3 20. Bxb3 Bd6 21. Nh4 Na5 22. Nhf5 Nxb3 23. axb3 Rxa1 24. Rxa1 Kh7 25. Bd2 Qc6 26. h3 Ra8 27. Rxa8 Qxa8 28. Nxd6 cxd6 29. Bxb4 Qb8 30. Qd2 Qb6 31. Ne2 Nd7 32. Nc1 Nc5 33. Bxc5 Qxc5 34. Qb2 Qb4 35. Kf1 Bd7 36. Na2 Qb7 37. Qa3 Be6 38. Nb4 Qc8 39. Nd5 Qd7 40. Qa4 Qb7 41. b4 Qc8 42. Nb6 Qb7 43. Qa5 Qe7 44. Nd5 Qg5 45. b5 Qh5 46. Qe1 Bxh3 47. gxh3 Qxh3+ 48. Ke2 Qg4+ 49. Kd2 Qg5+ 50. Kc2 Qd8 51. b6 Qa8 52. Kb2 Qb7 53. Qa5 f6 54. Nxf6+ gxf6 55. Qa7 1-0

[Event "Ibiza Eivissa op 6th"]
[Site "Eivissa"]
[Date "2017.07.15"]
[Round "3"]
[White "Guasch Juan, Juan Antonio"]
[Black "Guasch Riera, Joan"]
[Result "0-1"]
[WhiteElo "1378"]
[BlackElo "1574"]
[PlyCount "86"]
[EventDate "2017.07.08"]
[EventType "swiss"]
[EventRounds "7"]
[EventCountry "ESP"]
[SourceTitle "EXT 2019"]
[Source "ChessBase"]
[SourceDate "2018.10.10"]
[SourceVersion "1"]
[SourceVersionDate "2018.10.10"]
[SourceQuality "1"]

1. e4 c5 2. Nf3 d6 3. Bb5+ Bd7 4. Bxd7+ Nxd7 5. 0-0 Ngf6 6. d3 e6 7. c4 Be7 8. Nbd2 0-0 9. Qe2 Qc7 10. Re1 Rfd8 11. Nf1 a6 12. Bd2 Ng4 13. Bg5 Bxg5 14. Nxg5 Ndf6 15. h3 Ne5 16. Nh2 Nc6 17. Ng4 Nd4 18. Qd1 Nxg4 19. hxg4 b5 20. Nf3 Nxf3+ 21. Qxf3 bxc4 22. dxc4 Rab8 23. b3 a5 24. a4 Qe7 25. Rab1 Kf8 26. Qh3 h6 27. f4 Qf6 28. f5 Re8 29. Qg3 exf5 30. gxf5 Qd4+ 31. Qe3 Rxe4 32. Qxd4 Rxd4 33. Re3 Rxc4 34. Rbe1 Rd4 35. Re7 Rd1 36. Kf2 Rxe1 37. Rxe1 Rxb3 38. Re4 Rb4 39. Rxb4 cxb4 40. Ke2 Ke7 41. Kd3 d5 42. Kd4 Kf6 43. g4 h5 0-1

[Event "Ibiza Eivissa op 5th"]
[Site "Eivissa"]
[Date "2016.04.17"]
[Round "5"]
[White "Vidal Torres, Roberto"]
[Black "Guasch Riera, Joan"]
[Result "1/2-1/2"]
[WhiteElo "1621"]
[BlackElo "1619"]
[PlyCount "124"]
[EventDate "2016.04.03"]
[EventType "swiss"]
[EventRounds "7"]
[EventCountry "ESP"]
[SourceTitle "EXT 2024"]
[Source "ChessBase"]
[SourceDate "2023.10.10"]
[SourceVersion "1"]
[SourceVersionDate "2023.10.10"]
[SourceQuality "1"]

1. e4 e6 2. Nf3 d5 3. exd5 exd5 4. d4 c5 5. Nc3 Nf6 6. Be2 Nc6 7. 0-0 Bg4 8. Bg5 Be7 9. dxc5 Bxf3 10. Bxf3 d4 11. Nb5 0-0 12. Bxc6 bxc6 13. Nxd4 Bxc5 14. Nb3 Qxd1 15. Raxd1 Ne4 16. Nxc5 Nxg5 17. h4 Ne6 18. Nxe6 fxe6 19. Rd6 Rab8 20. b3 Kf7 21. Rxc6 Rfc8 22. Rxc8 Rxc8 23. c4 Rd8 24. Rb1 Rd2 25. a4 Rc2 26. a5 a6 27. Rd1 Ke7 28. Kf1 Rc3 29. Rb1 Rc2 30. Ke1 Kd6 31. Rd1+ Kc7 32. Rd2 Rc1+ 33. Ke2 Ra1 34. b4 Rb1 35. b5 axb5 36. c5 Ra1 37. Rd6 Rxa5 38. Rxe6 Kd7 39. Rb6 Kc7 40. f4 b4 41. Rxb4 Rxc5 42. Ra4 Kd7 43. Re4 Rc8 44. Kf3 Re8 45. Rxe8 Kxe8 46. Ke4 Kf8 47. Kf5 Kf7 48. h5 Ke7 49. Kg5 Kf7 50. g4 Ke6 51. h6 g6 52. f5+ gxf5 53. gxf5+ Kf7 54. Kf4 Kf6 55. Ke4 Kf7 56. Ke5 Ke7 57. f6+ Kf7 58. Kf5 Kf8 59. Ke6 Ke8 60. Ke5 Kf8 61. f7 Kxf7 62. Kf5 Ke7 1/2-1/2

[Event "Ibiza Eivissa op 5th"]
[Site "Eivissa"]
[Date "2016.04.09"]
[Round "2"]
[White "Guasch Riera, Joan"]
[Black "Moya Diaz, Raul"]
[Result "1-0"]
[WhiteElo "1619"]
[BlackElo "1846"]
[PlyCount "60"]
[EventDate "2016.04.03"]
[EventType "swiss"]
[EventRounds "7"]
[EventCountry "ESP"]
[SourceTitle "EXT 2024"]
[Source "ChessBase"]
[SourceDate "2023.10.10"]
[SourceVersion "1"]
[SourceVersionDate "2023.10.10"]
[SourceQuality "1"]

1. e4 c5 2. Be2 Nc6 3. f4 d6 4. Nf3 Nf6 5. d3 e6 6. c3 Be7 7. 0-0 0-0 8. Na3 a6 9. Nc2 b5 10. Qe1 Bb7 11. h3 Na5 12. e5 Nd7 13. d4 cxd4 14. Ncxd4 Rc8 15. Be3 Nc4 16. Bxc4 Rxc4 17. Rd1 Nxe5 18. fxe5 Bd5 19. Qg3 f5 20. Bh6 Rf7 21. Nxf5 g6 22. Nxe7+ Qxe7 23. Ng5 Rxf1+ 24. Rxf1 Qa7+ 25. Kh2 Be4 26. Rf7 Rc7 27. Rg7+ Kf8 28. Rxc7+ Ke8 29. Rxa7 b4 30. Qf2 Bf5 1-0

[Event "Balears-ch U18"]
[Site "Palma de Mallorca"]
[Date "2016.03.26"]
[Round "3"]
[White "Ponseti Lluch, Joan"]
[Black "Guasch Riera, Joan"]
[Result "0-1"]
[WhiteElo "1653"]
[BlackElo "1607"]
[PlyCount "73"]
[EventDate "2016.03.25"]
[EventType "tourn"]
[EventRounds "7"]
[EventCountry "ESP"]
[SourceTitle "EXT 2024"]
[Source "ChessBase"]
[SourceDate "2023.10.10"]
[SourceVersion "1"]
[SourceVersionDate "2023.10.10"]
[SourceQuality "1"]

1. d4 e6 2. Nf3 d5 3. e3 f5 4. Bd3 Nf6 5. 0-0 Bd6 6. Nbd2 0-0 7. c3 Qe7 8. Ne5 Nbd7 9. Ndf3 Kh8 10. Nxd7 Bxd7 11. Ne5 Be8 12. Re1 Rg8 13. f3 Bh5 14. Qc2 g5 15. h3 g4 16. hxg4 fxg4 17. f4 g3 18. Be2 Bxe2 19. Qxe2 Bxe5 20. dxe5 Ne4 21. Qh5 Raf8 22. Kf1 Rf5 23. Qf3 Qe8 24. a4 Rh5 25. Ke2 Rh2 26. Kd3 Qc6 27. Kc2 Qc4 28. Rd1 Nf2 29. b3 Qe4+ 30. Qxe4 Nxe4 31. Rg1 Nf2 32. Bd2 h5 33. Raf1 h4 34. Be1 h3 35. gxh3 Nxh3+ 36. Kd3 g2 37. Kd4 0-1

[Event "Ibiza-chT 38th"]
[Site "Ibiza"]
[Date "2016.03.14"]
[Round "2.2"]
[White "Hernandez Pena, Juan Ignacio"]
[Black "Guasch Riera, Joan"]
[Result "0-1"]
[WhiteElo "1465"]
[BlackElo "1607"]
[PlyCount "79"]
[EventDate "2016.03.13"]
[EventType "team-tourn"]
[EventRounds "5"]
[EventCountry "ESP"]
[SourceTitle "EXT 2024"]
[Source "ChessBase"]
[SourceDate "2023.10.10"]
[SourceVersion "1"]
[SourceVersionDate "2023.10.10"]
[SourceQuality "1"]
[WhiteTeam "Yebisah"]
[BlackTeam "Pena Deportiva Santa Eulalia"]
[WhiteTeamCountry "ESP"]
[BlackTeamCountry "ESP"]

1. e4 e6 2. d4 d5 3. e5 c5 4. c3 Nc6 5. Nf3 Qb6 6. c4 Nxd4 7. cxd5 exd5 8. Nxd4 cxd4 9. Bd3 Be6 10. b3 Rc8 11. 0-0 Ne7 12. Ba3 Nc6 13. Bxf8 Kxf8 14. Re1 Qa5 15. a3 Nb4 16. Qd2 Nc6 17. Ra2 Qxd2 18. Nxd2 Ke7 19. f4 g6 20. h3 Na5 21. g4 Rc3 22. Bf1 Nxb3 23. Nxb3 Rxb3 24. Rd1 Rc8 25. Rxd4 Rc1 26. Kg2 Rcc3 27. Kh2 Rxa3 28. Rb2 b6 29. Bg2 Rd3 30. Rxd3 Rxd3 31. Rc2 Kd7 32. Bf1 Rb3 33. Ba6 Kd8 34. Rf2 Ra3 35. Bb7 d4 36. f5 Ra2 37. Kg3 Rxf2 38. Kxf2 gxf5 39. g5 Ke7 40. h4 0-1

[Event "Ibiza-ch"]
[Site "Eivissa"]
[Date "2015.11.29"]
[Round "7"]
[White "Guasch Riera, Joan"]
[Black "Valero Jimenez, Jose Manuel"]
[Result "1-0"]
[WhiteElo "1591"]
[BlackElo "1475"]
[PlyCount "93"]
[EventDate "2015.11.07"]
[EventType "swiss"]
[EventRounds "7"]
[EventCountry "ESP"]
[SourceTitle "EXT 2019"]
[Source "ChessBase"]
[SourceDate "2018.10.10"]
[SourceVersion "1"]
[SourceVersionDate "2018.10.10"]
[SourceQuality "1"]

1. e4 e5 2. Nf3 Nc6 3. Bb5 a6 4. Ba4 Nf6 5. Qe2 b5 6. Bb3 Bc5 7. h3 0-0 8. c3 Qe7 9. 0-0 Bb7 10. d3 h6 11. Nbd2 a5 12. a4 bxa4 13. Bxa4 d5 14. exd5 Nxd5 15. Bxc6 Bxc6 16. Qxe5 Qxe5 17. Nxe5 Be8 18. Ne4 Bb6 19. Nc4 f5 20. Nxb6 cxb6 21. Nd2 Nf4 22. d4 Bc6 23. Nf3 Nxh3+ 24. gxh3 Bxf3 25. Kh2 f4 26. Re1 g5 27. Re6 Rae8 28. Rxe8 Rxe8 29. Bd2 Re2 30. Be1 h5 31. b4 g4 32. hxg4 hxg4 33. Kg1 g3 34. bxa5 bxa5 35. c4 Re6 36. fxg3 Rg6 37. Rxa5 fxg3 38. Ra3 Be2 39. c5 g2 40. Bg3 Bf1 41. d5 Rh6 42. Bh2 Rh5 43. c6 Rxd5 44. c7 Rc5 45. Ra8+ Kf7 46. c8Q Rxc8 47. Rxc8 1-0

[Event "Ibiza-ch"]
[Site "Eivissa"]
[Date "2015.11.08"]
[Round "2"]
[White "Guasch Riera, Joan"]
[Black "Gercowski Tuchszer, Luis"]
[Result "1/2-1/2"]
[WhiteElo "1591"]
[BlackElo "1820"]
[PlyCount "79"]
[EventDate "2015.11.07"]
[EventType "swiss"]
[EventRounds "7"]
[EventCountry "ESP"]
[SourceTitle "EXT 2017"]
[Source "ChessBase"]
[SourceDate "2016.10.25"]
[SourceVersion "1"]
[SourceVersionDate "2016.10.25"]
[SourceQuality "1"]

1. e4 e5 2. Nf3 Nc6 3. Bb5 a6 4. Ba4 Nf6 5. Qe2 b5 6. Bb3 Be7 7. d3 0-0 8. 0-0 Re8 9. Rd1 d5 10. Bg5 Be6 11. a4 b4 12. a5 h6 13. Ba4 Bd7 14. Bxf6 Bxf6 15. exd5 Nd4 16. Nxd4 exd4 17. Qf3 Bxa4 18. Rxa4 Rb8 19. Nd2 Rb5 20. Kf1 Be7 21. Re1 Kf8 22. Nc4 Qxd5 23. Qxd5 Rxd5 24. Ne5 c5 25. Raa1 Bd8 26. Nc4 Rxe1+ 27. Kxe1 Bc7 28. g3 Rd7 29. Ke2 Re7+ 30. Kf3 Re6 31. Nd2 f5 32. Nc4 Kf7 33. Nd2 Ke8 34. Nc4 Kd7 35. Nd2 Kd6 36. Nc4+ Kc6 37. Kg2 Kb5 38. Kf1 g6 39. Re1 Rxe1+ 40. Kxe1 1/2-1/2

[Event "Ibiza-ch U20 17th"]
[Site "Ibiza"]
[Date "2015.09.08"]
[Round "3.3"]
[White "Prohens Lopez, Laia"]
[Black "Guasch Riera, Joan"]
[Result "0-1"]
[WhiteElo "1350"]
[BlackElo "1576"]
[PlyCount "76"]
[EventDate "2015.09.04"]
[EventType "swiss"]
[EventRounds "5"]
[EventCountry "ESP"]
[SourceTitle "EXT 2024"]
[Source "ChessBase"]
[SourceDate "2023.10.10"]
[SourceVersion "1"]
[SourceVersionDate "2023.10.10"]
[SourceQuality "1"]

1. e4 e6 2. d4 d5 3. exd5 exd5 4. Nf3 Nf6 5. Bd3 c5 6. dxc5 Bxc5 7. 0-0 0-0 8. Bg5 Nbd7 9. c3 Re8 10. Nbd2 Qc7 11. Qc2 h6 12. Bh4 Qc6 13. Rae1 Rxe1 14. Rxe1 Nf8 15. Ne5 Qb6 16. Ndf3 Ne4 17. c4 f5 18. cxd5 g5 19. Bg3 Nxg3 20. hxg3 g4 21. Nh4 f4 22. Kh2 Bxf2 23. Re2 Bxg3+ 24. Kh1 Bxh4 25. Bf5 Bxf5 26. Qxf5 Qf6 27. Qe4 Qg5 28. d6 Qh5 29. Qd5+ Kg7 30. g3 Bxg3+ 31. Kg1 f3 32. Qxb7+ Kf6 33. Qe7+ Kf5 34. Rd2 f2+ 35. Rxf2+ Bxf2+ 36. Kxf2 Qh2+ 37. Ke3 Qxe5+ 38. Qxe5+ Kxe5 0-1

[Event "Eivissa City-chT"]
[Site "Eivissa"]
[Date "2015.03.28"]
[Round "4.3"]
[White "Fernandez Lopez, Marcos"]
[Black "Guasch Riera, Joan"]
[Result "1-0"]
[WhiteElo "1798"]
[BlackElo "1717"]
[PlyCount "93"]
[EventDate "2015.03.07"]
[EventType "team-tourn"]
[EventRounds "5"]
[EventCountry "ESP"]
[SourceTitle "EXT 2016"]
[Source "ChessBase"]
[SourceDate "2015.10.08"]
[SourceVersion "1"]
[SourceVersionDate "2015.10.08"]
[SourceQuality "1"]
[WhiteTeam "Ibiza 64"]
[BlackTeam "Santa Eulalia"]
[WhiteTeamCountry "ESP"]
[BlackTeamCountry "ESP"]

1. d4 Nf6 2. Nf3 g6 3. e3 Bg7 4. Bd3 d6 5. 0-0 0-0 6. Nbd2 Nbd7 7. c3 Re8 8. e4 e5 9. d5 Nc5 10. Bc2 Bg4 11. b4 Bxf3 12. Qxf3 Ncd7 13. Nb3 c6 14. dxc6 bxc6 15. Na5 c5 16. Ba4 cxb4 17. cxb4 Qb6 18. a3 Qd4 19. Be3 Qd3 20. Rfd1 Qa6 21. Bc6 Rac8 22. Bb7 Qb5 23. Bxc8 Rxc8 24. Rac1 Rxc1 25. Rxc1 h6 26. h3 a6 27. Rd1 Qa4 28. Bc1 Nxe4 29. Qb3 Qxb3 30. Nxb3 Bf8 31. Bb2 Nb6 32. Rc1 Be7 33. Rc6 Bd8 34. f3 Ng3 35. Rxd6 Bc7 36. Rc6 Bb8 37. Bxe5 Bxe5 38. Rxb6 Bf4 39. Kf2 Nh1+ 40. Ke2 Ng3+ 41. Kd3 Nf5 42. Rxa6 Nh4 43. b5 Kg7 44. b6 Nf5 45. Nc5 Ne7 46. Ra7 Bd6 47. Kc4 1-0

[Event "Eivissa City-chT"]
[Site "Eivissa"]
[Date "2015.03.21"]
[Round "3.3"]
[White "Guasch Riera, Joan"]
[Black "Riera Torres, Diana"]
[Result "0-1"]
[WhiteElo "1717"]
[BlackElo "1553"]
[PlyCount "84"]
[EventDate "2015.03.07"]
[EventType "team-tourn"]
[EventRounds "5"]
[EventCountry "ESP"]
[SourceTitle "EXT 2016"]
[Source "ChessBase"]
[SourceDate "2015.10.08"]
[SourceVersion "1"]
[SourceVersionDate "2015.10.08"]
[SourceQuality "1"]
[WhiteTeam "Santa Eulalia"]
[BlackTeam "Yebisah"]
[WhiteTeamCountry "ESP"]
[BlackTeamCountry "ESP"]

1. e4 c6 2. d4 d5 3. exd5 cxd5 4. c4 Nf6 5. Nc3 e6 6. Bg5 Be7 7. Nf3 Nc6 8. c5 0-0 9. Bb5 Bd7 10. 0-0 Ne4 11. Nxe4 dxe4 12. Bxe7 Nxe7 13. Bxd7 exf3 14. Ba4 fxg2 15. Kxg2 Nf5 16. Qg4 Qd5+ 17. Kg1 Qxd4 18. Qxd4 Nxd4 19. Rad1 Rfd8 20. Kg2 Rd5 21. Bb3 Nxb3 22. Rxd5 exd5 23. axb3 Re8 24. Rd1 Re5 25. Kg3 Kf8 26. Kf4 f6 27. Kf3 Ke7 28. Ra1 a6 29. Rg1 g6 30. Rc1 Kd7 31. Rd1 Kc6 32. Rc1 Re4 33. h3 f5 34. Rc2 d4 35. Kg2 d3 36. Rd2 Rd4 37. Kf3 Kxc5 38. Ke3 g5 39. b4+ Kc4 40. Rd1 Re4+ 41. Kd2 Re2+ 42. Kc1 Rxf2 0-1

[Event "Ibiza Eivissa op 4th"]
[Site "Eivissa"]
[Date "2015.02.14"]
[Round "5"]
[White "Guasch Riera, Joan"]
[Black "Prohens Escandell, Oscar"]
[Result "1-0"]
[WhiteElo "1603"]
[BlackElo "1561"]
[PlyCount "115"]
[EventDate "2015.01.31"]
[EventType "swiss"]
[EventRounds "7"]
[EventCountry "ESP"]
[SourceTitle "EXT 2016"]
[Source "ChessBase"]
[SourceDate "2015.10.08"]
[SourceVersion "1"]
[SourceVersionDate "2015.10.08"]
[SourceQuality "1"]

1. e4 c5 2. Nf3 Nc6 3. d4 cxd4 4. Nxd4 g6 5. Nxc6 bxc6 6. Be3 Bg7 7. c3 Nf6 8. Nd2 0-0 9. Bd3 d6 10. 0-0 Qc7 11. Rb1 Ng4 12. Bf4 a5 13. h3 Ne5 14. Bxe5 Bxe5 15. Nc4 Bg7 16. Qb3 Be6 17. Qb6 Qd7 18. Kh2 d5 19. exd5 cxd5 20. Ne3 d4 21. Bb5 Qa7 22. Qxa7 Rxa7 23. cxd4 Bxd4 24. b3 Kg7 25. Rfd1 Be5+ 26. Kg1 Rc8 27. Bc4 Rc6 28. Bxe6 Rxe6 29. Nc4 Bf6 30. a4 h5 31. Rd5 Re2 32. Kf1 Rc2 33. Rxa5 Rxa5 34. Nxa5 Bd4 35. Rd1 Bxf2 36. Nc4 Bg3 37. a5 e5 38. Rd3 Rc1+ 39. Ke2 h4 40. Rd7 Kf6 41. a6 Rc2+ 42. Kd1 Ra2 43. a7 Bf2 44. Rd2 Ra1+ 45. Ke2 Bxa7 46. Kf3 Bd4 47. Kg4 g5 48. Nd6 Ke6 49. Nf5 f6 50. Nxd4+ exd4 51. Rxd4 Ke5 52. Rd2 Re1 53. Kf3 Re4 54. Re2 f5 55. Rxe4+ fxe4+ 56. Ke3 Kd5 57. b4 Kc4 58. Kxe4 1-0

[Event "Ibiza Eivissa op 4th"]
[Site "Eivissa"]
[Date "2015.02.07"]
[Round "3"]
[White "Guasch Riera, Joan"]
[Black "Bordes Guasch, Juan Roman"]
[Result "1/2-1/2"]
[WhiteElo "1603"]
[BlackElo "1774"]
[PlyCount "51"]
[EventDate "2015.01.31"]
[EventType "swiss"]
[EventRounds "7"]
[EventCountry "ESP"]
[SourceTitle "EXT 2016"]
[Source "ChessBase"]
[SourceDate "2015.10.08"]
[SourceVersion "1"]
[SourceVersionDate "2015.10.08"]
[SourceQuality "1"]

1. e4 c6 2. d4 d5 3. exd5 cxd5 4. c4 e6 5. Nc3 Nf6 6. Bg5 Bb4 7. Qb3 Nc6 8. Nf3 h6 9. Bxf6 Qxf6 10. cxd5 exd5 11. Bb5 Qe7+ 12. Kd1 Bxc3 13. Bxc6+ bxc6 14. Qxc3 Qd6 15. Rc1 Bd7 16. Re1+ Kf8 17. Qc5 Qxc5 18. Rxc5 f6 19. h3 Kf7 20. b3 a5 21. Re3 Rhb8 22. a3 g5 23. Kd2 h5 24. Ne1 Rg8 25. Nd3 Rgb8 26. Ne1 1/2-1/2

[Event "Eivissa Insular-ch"]
[Site "Eivissa"]
[Date "2014.12.06"]
[Round "6"]
[White "Guasch Riera, Joan"]
[Black "Sanchez Martinez, Pablo"]
[Result "1/2-1/2"]
[WhiteElo "1603"]
[BlackElo "1963"]
[PlyCount "61"]
[EventDate "2014.10.25"]
[EventType "swiss"]
[EventRounds "7"]
[EventCountry "ESP"]
[SourceTitle "EXT 2016"]
[Source "ChessBase"]
[SourceDate "2015.10.08"]
[SourceVersion "1"]
[SourceVersionDate "2015.10.08"]
[SourceQuality "1"]

1. e4 e5 2. Nf3 Nc6 3. Bb5 d6 4. c3 Nf6 5. Qe2 Be7 6. d3 0-0 7. 0-0 a6 8. Ba4 b5 9. Bc2 h6 10. Rd1 Bg4 11. Nbd2 Re8 12. Nf1 Bf8 13. h3 Bh5 14. Ng3 Bg6 15. Be3 d5 16. Qe1 Bh7 17. Bd2 a5 18. a4 b4 19. c4 d4 20. b3 Nd7 21. Qf1 Bd6 22. Re1 Nc5 23. Rab1 Ne6 24. Kh1 Be7 25. Bd1 Ng5 26. Nxg5 Bxg5 27. Qe2 Bxd2 28. Qxd2 Qg5 29. Qxg5 hxg5 30. Bg4 Ne7 31. Bf5 1/2-1/2

[Event "Eivissa Insular-ch"]
[Site "Eivissa"]
[Date "2014.11.15"]
[Round "3"]
[White "Guasch Riera, Joan"]
[Black "Guasch Juan, Juan Antonio"]
[Result "1-0"]
[WhiteElo "1603"]
[BlackElo "1254"]
[PlyCount "65"]
[EventDate "2014.10.25"]
[EventType "swiss"]
[EventRounds "7"]
[EventCountry "ESP"]
[SourceTitle "EXT 2016"]
[Source "ChessBase"]
[SourceDate "2015.10.08"]
[SourceVersion "1"]
[SourceVersionDate "2015.10.08"]
[SourceQuality "1"]

1. e4 c5 2. Nf3 d6 3. d4 cxd4 4. Nxd4 Nf6 5. Nc3 a6 6. Bg5 e5 7. Bxf6 Qxf6 8. Nd5 Qd8 9. Nf3 g6 10. Be2 Bg7 11. 0-0 0-0 12. Qd2 Nc6 13. Qe3 b5 14. a3 f5 15. exf5 Bxf5 16. c3 Rc8 17. a4 Be6 18. Rfd1 Rb8 19. axb5 axb5 20. Qg5 Qxg5 21. Nxg5 Bxd5 22. Rxd5 b4 23. Ne6 Ne7 24. Rxd6 Rf6 25. Rd8+ Rxd8 26. Nxd8 bxc3 27. bxc3 Rd6 28. Nb7 Rd2 29. Bc4+ Nd5 30. g3 Kf7 31. Ra7 Ke6 32. Nc5+ Kf6 33. Ne4+ 1-0

[Event "Ibiza Summer op 3rd"]
[Site "Ibiza"]
[Date "2014.07.01"]
[Round "6"]
[White "Guasch Riera, Joan"]
[Black "Del Rey, Noel"]
[Result "0-1"]
[WhiteElo "1617"]
[BlackElo "1422"]
[PlyCount "34"]
[EventDate "2014.06.27"]
[EventType "swiss"]
[EventRounds "7"]
[EventCountry "ESP"]
[SourceTitle "CBM 161 Extra"]
[Source "ChessBase"]
[SourceDate "2014.08.29"]
[SourceVersion "1"]
[SourceVersionDate "2014.08.29"]
[SourceQuality "1"]

1. e4 c6 2. d4 d5 3. exd5 cxd5 4. c4 Nf6 5. Nc3 Nc6 6. Bg5 Be6 7. Bxf6 exf6 8. c5 b6 9. Bb5 Qc7 10. b4 Be7 11. Nf3 0-0 12. a3 a5 13. Rb1 Rfc8 14. 0-0 Rd8 15. Nd2 Nxd4 16. Nb3 Nxb3 17. Qxb3 d4 0-1

[Event "Ibiza Summer op 3rd"]
[Site "Ibiza"]
[Date "2014.06.30"]
[Round "5"]
[White "Cerrajeria Ruiz, Jesus Maria"]
[Black "Guasch Riera, Joan"]
[Result "1-0"]
[WhiteElo "2166"]
[BlackElo "1617"]
[PlyCount "53"]
[EventDate "2014.06.27"]
[EventType "swiss"]
[EventRounds "7"]
[EventCountry "ESP"]
[SourceTitle "CBM 161 Extra"]
[Source "ChessBase"]
[SourceDate "2014.08.29"]
[SourceVersion "1"]
[SourceVersionDate "2014.08.29"]
[SourceQuality "1"]

1. Nf3 d5 2. g3 c5 3. c4 e6 4. Bg2 Nf6 5. 0-0 Bd6 6. Nc3 0-0 7. cxd5 exd5 8. d4 c4 9. Bg5 Be6 10. b3 Nbd7 11. bxc4 dxc4 12. e4 Qa5 13. Qc2 Bb4 14. Bd2 Nb6 15. d5 Bd7 16. a3 Bxc3 17. Bxc3 Qa4 18. Nd4 Qxc2 19. Nxc2 Rfe8 20. Rfe1 Na4 21. Bd4 b6 22. e5 Ng4 23. e6 Bb5 24. e7 f6 25. d6 Rab8 26. Bd5+ Kh8 27. Bf7 1-0

[Event "Ibiza Summer op 3rd"]
[Site "Ibiza"]
[Date "2014.06.29"]
[Round "3"]
[White "Cabello Ferrer, Raquel"]
[Black "Guasch Riera, Joan"]
[Result "0-1"]
[WhiteElo "1227"]
[BlackElo "1617"]
[PlyCount "38"]
[EventDate "2014.06.27"]
[EventType "swiss"]
[EventRounds "7"]
[EventCountry "ESP"]
[SourceTitle "CBM 161 Extra"]
[Source "ChessBase"]
[SourceDate "2014.08.29"]
[SourceVersion "1"]
[SourceVersionDate "2014.08.29"]
[SourceQuality "1"]

1. e4 c5 2. Nf3 d6 3. d4 cxd4 4. Nxd4 Nf6 5. Nc3 a6 6. Bg5 e6 7. Nf3 Nc6 8. Qe2 Be7 9. 0-0-0 Qc7 10. Re1 0-0 11. e5 dxe5 12. Nxe5 Nxe5 13. Qxe5 Qxe5 14. Rxe5 Re8 15. h3 Nd7 16. Nd5 Nxe5 17. Nc7 Bxg5+ 18. Kb1 Rd8 19. Bd3 Ra7 0-1